00443nam a2200193Ia 4500003000400000005001700004008004100021020002200062040000700084041001200091082001800103100001400121245003200135250000600167260003800173300001700211365001300228650000800241OSt20251030192057.0210423s2018 xx 000 0 und d a978-81-203-5349-7 cAL aEnglish a344.01 bPADL aPadhi P K aLabour and industrial laws  a3 aDelhibPHI Learning Pvt Ltdc2018 axlvi,922bPB b595cINR aLaw